000 01391nam0a2200349 4500
001 RU\NLR\BIBL_A\022795240
005 20260503064513.0
010 _a978-5-908042-03-1
_9500
035 _a(NLR Aleph) 022795240
090 _a13700086
_c13700086
100 _a20260427d2025 m y0rusy50 ca
101 0 _asel
_crus
102 _aRU
105 _aa z 000 y
181 0 _ai
_baxxe
182 0 _an
200 1 _aИйя 0 нөны нөкыр тэтты
_fТ. В. Волосовец, Е. В. Гермогенова, О. А. Волосовец
_gперевод с русского Мороковой М. К.
203 _aТекст
_bвизуальный
_cнепосредственный
210 _aМосква
_cМ-Парк
_d2025
215 _a77, [2] с
_cил.
_d18
225 1 _aБиблиотека осознанного родителя
541 1 _aРебенок от нуля до трех
_zrus
686 1 _aЧ491,6(2)331-1,0
686 1 _aР128.91я9
686 1 _aР731.1я9
700 1 _aВолосовец
_bТ. В.
_f1965-
_gТатьяна Владимировна
_4070
701 1 _aГермогенова
_bЕ. В.
_gЕлена Валерьевна
_4070
701 1 _aВолосовец
_bО. А.
_gОльга Аркадьевна
_4070
702 1 _aМорокова
_bМ. К.
_gМаргарита Кимовна
_4730
942 _cBOOK
980 _aNB